|
|
|
|
| LEADER |
02422nas a22003737a 4500 |
| 001 |
mzk03000905474 |
| 003 |
CZ BrMZK |
| 005 |
20190312205731.0 |
| 007 |
ta |
| 008 |
050302d18651880gw uu |||| ||ger d |
| 040 |
|
|
|a BOA001
|b cze
|c BOA001
|
| 072 |
|
7 |
|a 094.5
|x Tisky (19. století)
|2 Konspekt
|9 12
|
| 245 |
0 |
0 |
|a Mittheilungen aus Justus Perthes' Geographischer Anstalt über wichtige neue Erforschungen auf dem Gesammtgebiete der Geographie .... /
|c von Dr. A. Petermann
|
| 246 |
3 |
|
|a Mitteilungen aus Justus Perthes geographischer Anstalt über wichtige neue Erforschungen auf dem Gesammtgebiete der Geographie
|
| 260 |
|
|
|a Gotha :
|b J. Perthes,
|c 1865-1880
|
| 300 |
|
|
|a 9 sv.
|
| 310 |
|
|
|a Neznámo
|
| 510 |
3 |
|
|a DNB
|
| 700 |
1 |
|
|a Petermann, August,
|d 1822-1878
|7 ola2004254060
|4 pbl
|
| 910 |
|
|
|a BOA001
|b G-0000.374
|b G-0000.375
|b G-0000.376
|b G-0000.377
|b G-0000.378
|b G-0000.379
|b G-0000.380
|b G-0000.381
|b G-0000.382
|r 1865, 1869-1872, 1875-1881
|s 6-7, 10, 11, 12-13, 15, 17, 24, 27
|
| 978 |
|
|
|b Perthes, Justus
|a Gotha
|c 1865-1881
|
| 984 |
|
|
|a Gotha
|b Německo
|
| 985 |
|
|
|a 1851-1900
|
| 990 |
|
|
|a SE
|
| 991 |
|
|
|k mzk
|
| 996 |
6 |
|
|b 2610420761
|c G-0000.374
|d 1865
|y 1865
|l stud. ST
|r Sklad / do násl. otevíracího dne
|n 0
|w 001073793
|u 000010
|a 1
|e BOA001
|s P
|
| 996 |
6 |
|
|b 2610420762
|c G-0000.375
|d 1869 15
|v 15
|y 1869
|l stud. ST
|r Sklad / do násl. otevíracího dne
|n 0
|w 001073793
|u 000020
|a 1
|e BOA001
|s P
|
| 996 |
6 |
|
|b 2610420763
|c G-0000.376
|d 1871 17
|v 17
|y 1871
|l stud. ST
|r Sklad / do násl. otevíracího dne
|n 0
|w 001073793
|u 000030
|a 1
|e BOA001
|s P
|
| 996 |
6 |
|
|b 2610420764
|c G-0000.377
|d 1878 24
|v 24
|y 1878
|l stud. ST
|r Sklad / do násl. otevíracího dne
|n 0
|w 001073793
|u 000040
|a 1
|e BOA001
|s P
|
| 996 |
6 |
|
|b 2610420765
|c G-0000.378
|d 1881 27
|v 27
|y 1881
|l stud. ST
|r Sklad / do násl. otevíracího dne
|n 0
|w 001073793
|u 000050
|a 1
|e BOA001
|s P
|
| 996 |
6 |
|
|b 2610420766
|c G-0000.379
|d 1869-72 6-7
|v 6-7
|y 1869,1870,1871,1872
|l stud. ST
|r Sklad / do násl. otevíracího dne
|n 0
|w 001073793
|u 000060
|a 1
|e BOA001
|s P
|
| 996 |
6 |
|
|b 2610420767
|c G-0000.380
|d 1875-76 10
|v 10
|y 1875-1876
|l stud. ST
|r Sklad / do násl. otevíracího dne
|n 0
|w 001073793
|u 000070
|a 1
|e BOA001
|s P
|
| 996 |
6 |
|
|b 2610420768
|c G-0000.381
|d 1876-77 11
|v 11
|y 1876-1877
|l stud. ST
|r Sklad / do násl. otevíracího dne
|n 0
|w 001073793
|u 000080
|a 1
|e BOA001
|s P
|
| 996 |
6 |
|
|b 2610420769
|c G-0000.382
|d 1878-80 12-13
|v 12-13
|y 1878,1879,1880
|l stud. ST
|r Sklad / do násl. otevíracího dne
|n 0
|w 001073793
|u 000090
|a 1
|e BOA001
|s P
|